00657cam a2200169K 450008200170000010000320001724500420004926000420009130000620013349000320019552600370022765000130026485600630027794200120034099900190035295201160037104a954.031bLYA1 aLyall, Alfred Comyn,94999110aWarren Hastingscby Sir Alfred Lyall. aLondon,aNew York,bMacmillan,c1889. a1 online resource (vi, 235 p.)bfront. (port.) fold. map.0 aEnglish men of action [v.9] a0b0c0d954_031000000000000_LYA aMCE937940uhttp://catalog.hathitrust.org/api/volumes/oclc/674694.html 2ddccBK c553162d553162 00102ddc4070aMCEbMCEcArchive Sectiond2015-01-30l0o954.031 LYApMCE-ECW /65r2015-01-30w2015-01-30yBK